| 000 | 00716cam a2200277Ka 4500 | ||
|---|---|---|---|
| 001 | 45542 | ||
| 005 | 20230410143548.0 | ||
| 008 | 811015s1976 mx 000 0 spa d | ||
| 035 | _a(OCoLC)ocm07849545 | ||
| 040 |
_aSJP _cSJP |
||
| 020 | _c$9.60 | ||
| 035 | _a(OCoLC)7849545 | ||
| 050 | 1 | 4 |
_aTJ 163.3 _bF855e 1976 |
| 082 | 0 | 0 | _a333.7 |
| 049 | _aGRAL | ||
| 100 | 1 | _aFreeman, S. David. | |
| 245 | 1 | 0 |
_aEnergia : _bla nueva era / _cS. David Freeman. |
| 260 |
_aMéxico : _bDimelisa, _c1976. |
||
| 300 |
_a318 p. ; _c23 cm. |
||
| 500 | _aTranslation of Energy: the new era. | ||
| 650 | 0 | _aEnergy conservation. | |
| 650 | 0 | _aEnergy policy. | |
| 942 |
_2lcc _cbk |
||
| 946 | _amjcruz | ||
| 994 |
_aC0 _bDRFGD |
||
| 999 |
_c103969 _d103969 |
||